000 00469nam a2200133Ia 4500
005 20260209120134.0
008 260209s9999||||xx |||||||||||||| ||und||
100 _aRhea Roy Mammen
245 0 _aUrban commons- wetland protection (legislative recommendations)
260 _aBangaloreBangalore
_bNLSIU
_c2014
300 _a102 p. ; 25 cm.
700 _aProf. (Dr.) M K Ramesh - GuideProf. (Dr.) M K Ramesh - Guide
856 _uhttps://dans.nls.ac.in/handle/123456789/1710
999 _c217179
_d217179